000
00289nam a2200121Ia 4500
008
190216s9999||||xx |||||||||||||| ||und||
100
_a
George Eliot
245
0
_a
Silas Marner
260
_b
University Of Calicut
_c
1992
300
_a
140p
650
_a
English Short Stories
942
_c
BK
999
_c
13620
_d
13620